000 00383nam a2200169Ia 4500
001 22246
005 20260414150818.0
008 260414t2011||||xx |||||||||||||| ||spa||
041 _aESP
082 _a621.3
_bD92 2011
100 _aDorf, Richard C.
_eAUT
245 0 _aCircuitos eléctricos
_b
260 _c2011
650 _aTCA
654 _aCET
942 _cLIB
_dJUS
_fJUS
_2ddc
_n
999 _c22246
_d22246